Podpora zaměstnávání starších osob

Problematika starnutia populácie a s tým spojený problém zamestnávania starších osôb (osoôb nad 50 rokov). Podpora zamestnávania starších osôb, ktorá v súčasnosti v Česku existuje. K tejto podpore dochádza napr. prostredníctvom aktívnej politiky zamestnanosti, ktorá využíva nástroje ako rekvalifikác...

Descripción completa

Guardado en:
Detalles Bibliográficos
Autor principal: Kartusová, Veronika
Formato: Capítulo de libro
Lenguaje:checo
Materias:
Etiquetas: Agregar Etiqueta
Sin Etiquetas, Sea el primero en etiquetar este registro!

MARC

LEADER 00000nla$a2200000$$$4500
001 0077843
005 20220801085116.9
041 0 |a cze 
044 |a CZ 
245 1 0 |a Podpora zaměstnávání starších osob  |c Veronika Kartusová 
520 |a Problematika starnutia populácie a s tým spojený problém zamestnávania starších osôb (osoôb nad 50 rokov). Podpora zamestnávania starších osôb, ktorá v súčasnosti v Česku existuje. K tejto podpore dochádza napr. prostredníctvom aktívnej politiky zamestnanosti, ktorá využíva nástroje ako rekvalifikácia, investičné stimuly, spoločensky účelné miesta, príspevky na zapracovanie. ČR - Národný program prípravy na starnutie na obdobie rokov 2003-2007 a 2008-2012. 
610 2 0 |a starnutie populácie 
610 2 0 |a seniori 
610 2 0 |a zamestnanosť 
610 2 0 |a Česko 
610 2 0 |a opatrenia 
100 1 |a Kartusová, Veronika